000 00402pab a2200157 454500
008 180718b xxu||||| |||| 00| 0 eng d
100 _aBaswaraja, M.
245 _aHousing finance in India
650 _a Shelter
650 _a Housing
650 _a Housing - Finance
650 _aHousing - Finance - India
700 _aGowrappa, K.
773 _aJournal of Accounting and Finance
909 _a23042
999 _c23042
_d23042